|
|
|
|
| LEADER |
00684nab a2200193 i 4500 |
| 001 |
acta1536 |
| 005 |
20210310132500.0 |
| 008 |
161015s1995 hu o 0|| rus d |
| 022 |
|
|
|a 0237-9562
|
| 040 |
|
|
|a SZTE Egyetemi Kiadványok Repozitórium
|b hun
|
| 041 |
|
|
|a rus
|
| 100 |
1 |
|
|a Nǎdǎban Traían
|
| 245 |
1 |
0 |
|a Rol' pejzaža v ûzi'ih poèmah Puškina
|h [elektronikus dokumentum] /
|c Nǎdǎban Traían
|
| 260 |
|
|
|c 1995
|
| 300 |
|
|
|a 87-92
|
| 490 |
0 |
|
|a Dissertationes slavicae. sectio historiae litterarum
|v 21
|
| 695 |
|
|
|a Irodalomtudomány
|
| 700 |
0 |
1 |
|a Puškin Aleksandr Sergeevič
|e aut
|
| 856 |
4 |
0 |
|u http://acta.bibl.u-szeged.hu/1536/1/dissert_slav_hist_021_087-092.pdf
|z Dokumentum-elérés
|